000 00381nam a2200169Ia 4500
003 0STCL
008 150530s9999 xx 000 0 und d
040 _aSTCL
_cSTCL
100 _aShripad Rama Sharma
245 _aOur heritage and its significance
250 _aFirst
260 _c1947
546 _aEnglish
942 _2ddc
_cBK
999 _c44337
_d44337
005 20220125170630.0